| 000 | 01387nam a2200325 c 4500 | ||
|---|---|---|---|
| 003 | BLK | ||
| 005 | 20180420235244.0 | ||
| 008 | 180411b bul|||||r ||||||| ||bul|| | ||
| 010 | _aKNG00177993000 | ||
| 040 | _aBLK | ||
| 041 |
_aBUL _cBUL |
||
| 080 |
_aРуска литература _b821.161.1 _x-93-34 _z821.161.1-93-34 |
||
| 700 | 1 |
_aХайт, Аркадий Йосифович _eтекст _9329940 |
|
| 700 | 1 |
_aРезников, Анатолий Израилевич _eхудож. _9329941 |
|
| 700 | 1 |
_aСичев, В. А. _eпрев. от рус. _9120875 |
|
| 139 |
_aХайт, Аркадий Йосифович _bХ 21 |
||
| 245 | 1 | 0 |
_aЛеополд и златната рибка _cтекст Аркадий Йосифович Хайт; худож. Анатолий Израилевич Резников; прев. от рус. В. А. Сичев. |
| 257 | _aSUN | ||
| 260 |
_аБ. м. _bВсесъюзно бюро за пропаганда на киноизкуството _c1984 |
||
| 300 |
_a19 с. _c14 см |
||
| 380 | _aDX | ||
| 500 | _aОриг. заглавие: Леопольд и золотая рыбка. - Филм-приказка | ||
| 653 | _aфилми | ||
| 653 | _aприказки | ||
| 852 | _aЦб І 36606 | ||
| 856 | 4 |
_qpdf _u |
|
| 856 | 4 |
_qpdf _u |
|
| 942 |
_cKNG _n0 |
||
| 944 |
_aCR _c06.12.2013 _kТеодора_Стоянова |
||
| 944 |
_aED _c12.10.2015 _kКети_Илиева |
||
| 999 |
_c169928 _d169928 |
||